| 000 | 00582nam a2200181Ia 4500 | ||
|---|---|---|---|
| 008 | 090630s9999 xx 000 0 und d | ||
| 082 | _b20415 | ||
| 100 | _aवाळिंबे सुरेश. | ||
| 245 |
_aअद्वैत. _cवाळिंबे सुरेश. |
||
| 260 |
_bस्वामी - पुणे. _c2001 |
||
| 300 | _a120 | ||
| 600 | _aवाळिंबे सुरेश. | ||
| 630 | _aअद्वैत. | ||
| 655 | _aकादंबरी. | ||
| 700 | _aवाळिंबे सुरेश. | ||
| 730 | _aअद्वैत. | ||
| 942 | _cBOOK | ||
| 999 |
_c272271 _d272271 |
||